01009pam a2200301 a 45000010005000000030006000050050017000110080041000280100017000690200016000860200027001020400023001290420009001520500023001610820014001841000023001982450079002212500044003002600036003443000040003805050007004205200154004275210018005815210018005996500025006176500032006427000033006743254FISKH20250305112617.0910211s1994 nyua j 000 1 eng  a 91002470  a0060201908: a0060201916 (lib. bdg.) aDLCcDLCdDLCbeng alcac00aPZ7.D3643bDo 199400a[Fic]2201 aDeGross, Monalisa.10aDonavan's word jar /cby Monalisa DeGross ; illustrations by Cheryl Hanna. aFirst Scholastic printing, January 2000 aNew York : bScholastic, c1994 a71 pages :billustrations ;c20 cm aQ  aWhen the jar that Donavan keeps his word collection in fills up, he finds a special way to give his words away and get something wonderful in return.8 a670 bLexile 8 aQ bRaz-Plus  1aVocabularyxFiction. 1aAfrican AmericansvFiction.1 aHanna, Cheryl,eillustrator